Design and Fabrication of Ultrasonic Transducer for Ultrasonic Assisted Machining / (Record no. 529510)

000 -LEADER
fixed length control field 00601nam a22001697a 4500
020 ## - INTERNATIONAL STANDARD BOOK NUMBER
Qualifying information Hard Cover.
082 ## - DEWEY DECIMAL CLASSIFICATION NUMBER
Classification number 670.5
100 ## - MAIN ENTRY--PERSONAL NAME
Personal name Zahid, Danyal
245 ## - TITLE STATEMENT
Title Design and Fabrication of Ultrasonic Transducer for Ultrasonic Assisted Machining /
Statement of responsibility, etc. Danyal Zahid.
260 ## - PUBLICATION, DISTRIBUTION, ETC.
Place of publication, distribution, etc. Islamabad:
Name of publisher, distributor, etc. SMME - NUST,
Date of publication, distribution, etc. 2017.
300 ## - PHYSICAL DESCRIPTION
Extent 70 p.: ill.;
Dimensions 30cm.
650 ## - SUBJECT ADDED ENTRY--TOPICAL TERM
Topical term or geographic name entry element Design and Manufacturing Engineering MS-Thesis.
700 ## - ADDED ENTRY--PERSONAL NAME
Personal name Dr. Mushtaq Khan
856 ## - Uniform Resource Identifier
Uniform Resource Identifier <a href="http://10.250.8.41:8080/xmlui/handle/123456789/10743">http://10.250.8.41:8080/xmlui/handle/123456789/10743</a>
942 ## - ADDED ENTRY ELEMENTS (KOHA)
Source of classification or shelving scheme
Koha item type Thesis
650 ## - SUBJECT ADDED ENTRY--TOPICAL TERM
-- 16133
700 ## - ADDED ENTRY--PERSONAL NAME
-- 16155
Holdings
Withdrawn status Lost status Source of classification or shelving scheme Damaged status Not for loan Permanent Location Current Location Shelving location Date acquired Total Checkouts Full call number Barcode Date last seen Price effective from Koha item type
          Central Library (CL) Central Library (CL) Thesis 09/27/2019   670.5 CL-T-1511 09/27/2019 09/27/2019 Thesis
© 2023 Central Library, National University of Sciences and Technology. All Rights Reserved.